Statystyki dla Pięć najbardziej zaludnionych państw na kolorowej mapie

Kliknij tutaj aby rozwiązać quiz!

Ogólne statystyki

  • Ten quiz został rozwiązany 11 942 razy
  • Średni wynik to 25 z 40

Odpowiedzi na mapie

Odpowiedzi skodowane kolorowo w zielono-czerwonej skali na mapie do tego quizu, zgodnie z poniższymi procentami.
 

Statystyki odpowiedzi

KolorPaństwo% Poprawnych
CzerwonyStany Zjednoczone
98%
CzerwonyKanada
93%
ŻółtyChiny
92%
CzarnyRosja
92%
ZielonyBrazylia
88%
FioletowyIndie
85%
NiebieskiMeksyk
83%
ŻółtyNiemcy
82%
NiebieskiFrancja
81%
ZielonyPolska
81%
ŻółtyArgentyna
80%
PomarańczowyEgipt
75%
CzarnyJaponia
74%
CzerwonyIndonezja
73%
PomarańczowyWłochy
72%
CzerwonyAlgieria
70%
NiebieskiIran
68%
RóżowyTurcja
68%
ZielonyWielka Brytania
67%
PomarańczowyDemokratyczna Republika Konga
66%
FioletowyNigeria
66%
PomarańczowyIrak
62%
CzerwonyEtiopia
60%
RóżowyPakistan
60%
RóżowyKolumbia
55%
NiebieskiTajlandia
54%
NiebieskiWietnam
53%
FioletowyWenezuela
52%
CzarnyBangladesz
48%
ŻółtyKenia
48%
PomarańczowyMali
48%
CzarnyMjanma
48%
CzarnyRumunia
45%
FioletowyKorea Południowa
39%
RóżowyTanzania
39%
ZielonyMozambik
37%
ŻółtyFilipiny
33%
ZielonyKamerun
30%
RóżowyUzbekistan
29%
FioletowyWybrzeże Kości Słoniowej
27%

Rozkład punktacji

Percentyl według liczby udzielonych odpowiedzi

Procent ludzi z każdym wynikiem

Twoja historia wyników

Nie rozwiązałeś tego quizu